| Поле | Инд. | ПП | Название | Значение |
|---|---|---|---|---|
| Тип записи | a | |||
| Библиографический уровень | b | |||
| 001 | Контрольный номер | ec443317b2a742b592bfedfd6b94a20a | ||
| 005 | Дата корректировки | 20260213122847.2 | ||
| 024 | 80 | a | Стандартный номер | 10.1134/S0020441225700745 |
| 040 | a | Служба первич. каталог. | РИНЦ | |
| b | Код языка каталог. | rus | ||
| 041 | 0_ | a | Код языка текста | eng |
| 097 | a | Василенко М.А. | ||
| 100 | 1_ | a | Автор | Borzakov S. B. |
| c | Титул (звания) | ; кандидат физико-математических наук; доцент (должность); | ||
| i | 000090553 | |||
| g | Прочие сведения | РИНЦ AuthorID: 36167 (http://elibrary.ru/author_items.asp?authorid=36167); Scopus Author ID: 6602827448 (https://www.scopus.com/authid/detail.uri?authorId=6602827448) | ||
| k | Кафедра общей физики; Общеобразовательные кафедры | |||
| q | Полное имя | Борзаков Сергей Борисович | ||
| u | Дополнение | Борзаков С. Б. | ||
| 100 | 1_ | a | Автор | Golubkov E. A. |
| 100 | 1_ | a | Автор | Yergashov A. M. |
| 245 | 10 | a | Заглавие | Intense Resonance Neutron Source (IREN): Determinations of Resonance and Thermal Neutron Fluxes, Energy Resolution Function, and Dependence of Neutron Flux on Energy |
| 773 | 18 | t | Название источника | Instruments and Experimental Techniques |
| b | Сведения об издании | Pleiades Publishing, Ltd. | ||
| c | Russia | |||
| d | Место и дата издания | 2025 | ||
| m | Специф. данные | входит в Белый список; входит в Scopus; входит в WoS; входит в базу данных RSCI; ненулевой импакт-фактор | ||
| n | Примечание | Приборы и техника эксперимента | ||
| p | Instrum. Exp. Tech. | |||
| q | У2 Белый список | |||
| o | Прочие индексы | scopus 0.33 | ||
| x | ISSN | 0020-4412 | ||
| g | Прочая информация | Т. 68. - № 4. - С. 543 - 551 | ||
| w | Контрольный № источника | fc50a77999044c569d17331657b1cf48 | ||
| 856 | 40 | u | URL | https://www.elibrary.ru/item.asp?id=83221407 |
| 901 | t | Тип документа | b | |
| 952 | c | Вид литературы | статья в журнале |